000 00642nam a2200229Ia 4500
003 OSt
005 20220928105743.0
006 a|||||r|||| 00| 0
007 ta
008 220927b |||||||| |||| 00| 0 hin d
024 _a93626
037 _cTextual
040 _aSDCL
_cSDCL
_bhin
041 _2hin
_ahin
082 _aO152,1M66:g 152, L2
100 _aBhatt Vishambhar Nath
_9416656
245 0 _aRatnakar
_bUnki partibha aur kala.
260 _aDelhi
_bUplabhdhi Parkashan
_c1972
300 _a388+6p.
_ccm.
942 _hO152,1M66:g 152, L2
_cTEXL
_2CC
999 _c732593
_d732593